000 01290nam a2200217Ia 4500
999 _c8026
_d8026
005 20230507085255.0
008 230506s9999 xx 000 0 und d
020 _a9508850078
040 _aUPAN
_cBiblioteca San Vicente
_eRCAA2
041 _aSpa
082 _a340
_bG618m
100 _aGoldberg,Steven H
_4aut.
245 0 _aMi Primer Juicio Oral/
_bSteven H. Goldberg
250 _a1ª ed
260 _aBuenos Aires
260 _bEliasta:
_c1994,
300 _a262 p.:
_c23 cm.
505 _aPrimera parte. Perspectiva del primer juicio Capitulo 1. El juicio es una representaciòn teatral Capitulo 2. El escenario: ¿dònde me siento? Capitulo 3. El libreto: ¿ què digo? Segunda parte. Preparaciòn para el primer jucicio Capitulo 4. Preparar la pieza teatral en un anotador procesal Capitulo 5. La preparaciòn de los actores en la leñera Capitulo 6. Los elementos auxiliares Capitulo 7. Verificaciòn del pùblico Tercera parte. El primer juicio Capitulo 8. Reducciòn del pùblico: voir dire Capitulo 9. Se levanta el telòn: la declaraciòn inicial Capitulo 10. El diàlogo: el examen de los testigos Capitulo 11. Papel del abogado: defensa de la evidencia Capitulo 12. La ùltima escena: la argumentaciòn de cierre
650 _2LEMB
_aActo
942 _cBK
_2ddc